Astronomy (Record no. 6130)

MARC details
000 -LEADER
fixed length control field 00631nam a2200217Ia 4500
003 - CONTROL NUMBER IDENTIFIER
control field IN-BaIIA
008 - FIXED-LENGTH DATA ELEMENTS--GENERAL INFORMATION
fixed length control field 211028s9999 xx 000 0 eng d
020 ## - INTERNATIONAL STANDARD BOOK NUMBER
International Standard Book Number 0-442-22444-3
040 ## - CATALOGING SOURCE
Transcribing agency IIA Library
080 ## - UNIVERSAL DECIMAL CLASSIFICATION NUMBER
Universal Decimal Classification number 52
Item number FRE
100 ## - MAIN ENTRY--PERSONAL NAME
Personal name Fredrick, Laurence W
9 (RLIN) 10596
245 #0 - TITLE STATEMENT
Title Astronomy
Statement of responsibility, etc. Laurence W Fredrick and Robert H Baker
250 ## - EDITION STATEMENT
Edition statement 10th ed.
260 ## - PUBLICATION, DISTRIBUTION, ETC.
Place of publication, distribution, etc. New York
Name of publisher, distributor, etc. D. Van Nostrand
Date of publication, distribution, etc. 1976
300 ## - PHYSICAL DESCRIPTION
Extent xvi, 559p.
650 ## - SUBJECT ADDED ENTRY--TOPICAL TERM
Topical term or geographic name entry element Astronomy
9 (RLIN) 80
650 ## - SUBJECT ADDED ENTRY--TOPICAL TERM
Topical term or geographic name entry element Astronomy and astrophysics thesaurus
650 ## - SUBJECT ADDED ENTRY--TOPICAL TERM
Topical term or geographic name entry element Astrophysics
9 (RLIN) 794
700 ## - ADDED ENTRY--PERSONAL NAME
Personal name Baker, Robert H.
9 (RLIN) 3359
942 ## - ADDED ENTRY ELEMENTS (KOHA)
Koha item type Books
952 ## - LOCATION AND ITEM INFORMATION (KOHA)
-- 18.95
Holdings
Withdrawn status Lost status Damaged status Not for loan Home library Current library Shelving location Date acquired Total Checkouts Full call number Barcode Date last seen Price effective from Koha item type
        IIA Library-Bangalore IIA Library-Bangalore General Stacks 16/02/1979   52/ FRE 6842 05/11/2021 16/02/1979 Books

Powered by Koha